00980nam a2200241 i 450000100060000000300090000600500170001500700030003200800410003508000190007610000240009524502150011925000250033426000810035930000300044050400300047065100350050070000500053570000260058570000280061171000750063985200240071493884ES-MaACL20250809233428.0t|050421s1981 sp ||||1| spa d a914.641M.(026)1 aLopez Marsa, Flora.10aConozcamos Madrid : bitinerarios histórico-culturales de la villa y corte / c[texto, Flora López Marsá, Alicia Díez de Baldeón y García, Celia Más Mayoral ; fotografía, Pedro López Gómez]. a2ª ed. corr. y aum. aMadrid : bRelaciones Institucionales y Comunicación, Ayuntamiento,c1981. a54 p.bil. col. ; c24 cm. aBibliografía: p. 53-54. 4aMadrid-vGuías turísticas.1 aDíez de Baldeón García, Alicia, d1955-1 aMás Mayoral, Celia.1 aLópez Gómez, Pedro.1 aMadrid. bConcejalía de Relaciones Institucionales y Comunicación.4 aES-MaACLj2135-F-10